Svīkr̥ti. (Record no. 81599)

MARC details
000 -LEADER
fixed length control field 00506cam a22002171 4500
001 - CONTROL NUMBER
control field sa 68007073
003 - CONTROL NUMBER IDENTIFIER
control field DLC
005 - DATE AND TIME OF LATEST TRANSACTION
control field 20260227112520.0
008 - FIXED-LENGTH DATA ELEMENTS--GENERAL INFORMATION
fixed length control field 940808s1965 ii 000 1 benr
010 ## - LIBRARY OF CONGRESS CONTROL NUMBER
LC control number sa 68007073
025 ## - OVERSEAS ACQUISITION NUMBER
Overseas acquisition number PL480:EP-B-1577
035 ## - SYSTEM CONTROL NUMBER
System control number (OCoLC)30902622
040 ## - CATALOGING SOURCE
Original cataloging agency DLC
Transcribing agency CU
Modifying agency CU
-- DLC
042 ## - AUTHENTICATION CODE
Authentication code premarc
050 00 - LIBRARY OF CONGRESS CALL NUMBER
Classification number PK1730.29.O6
Item number S9
100 2# - MAIN ENTRY--PERSONAL NAME
Personal name Moqbul Ahmed, A. K.
245 10 - TITLE STATEMENT
Title Svīkr̥ti.
260 ## - PUBLICATION, DISTRIBUTION, ETC.
Date of publication, distribution, etc. [1965]
300 ## - PHYSICAL DESCRIPTION
Extent 99 p.
Dimensions 18 cm.
500 ## - GENERAL NOTE
General note In Bengali.

No items available.

Powered by Koha